000 00827nam a2200217Ia 4500
003 GCL
008 140319s9999 xx 000 0 ara d
040 _aGCL /
_cGCL
082 0 4 _aد
_b301.31
_bف ق
100 1 _aالهيئة العامة للاستعلامات
245 1 0 _aالقولا المحركة فى المستقبل: برنامج عمل لصناعة كهربائية متواصلة /
_cالهيئة العامة للاستعلامات
700 1 _aفلافين، كريستوفر
700 1 _aامال كيلانى
700 1 _aلينسين، نيكولاس
300 _a115 ص
490 _aمعهد مراقبة البيئة العالمية ورلد واتش
_v0
650 0 4 _aالكهرباء
650 0 4 _aالدوائر الكهربائية
650 0 4 _aالبيئة - علم
942 _2ddc
_cBK
999 _c50804
_d50804